Dirección (Registro nro. 36498)

Detalles MARC
000 -LEADER
fixed length control field 02453 a2200229 4500
001 - CONTROL NUMBER
control field 64021
005 - DATE AND TIME OF LATEST TRANSACTION
control field 20260521160829.0
008 - FIXED-LENGTH DATA ELEMENTS--GENERAL INFORMATION
fixed length control field 260521a1966 arg spa d
003 - CONTROL NUMBER IDENTIFIER
control field AR-UNSa-BCEJYS
040 ## - CATALOGING SOURCE
Original cataloging agency AR-UNSa-BCEJYS
Language of cataloging spa
Transcribing agency AR-UNSa-BCEJYS
080 ## - UNIVERSAL DECIMAL CLASSIFICATION NUMBER
Universal Decimal Classification number 658.012.4
Common auxiliary subdivision Gestión. Dirección. Autoridad. Técnicas y métodos de gestión (gestión del conocimiento, Outsourcing, Benchmarking...)
041 ## - LANGUAGE CODE
Language code of text/sound track or separate title spa
100 1# - MAIN ENTRY--PERSONAL NAME
Personal name Haynes, W. Warren
245 10 - TITLE STATEMENT
Title Dirección
Name of part/section of a work Principios, análisis, casos
264 #1 - PRODUCTION, PUBLICATION, DISTRIBUTION, MANUFACTURE, AND COPYRIGHT NOTICE
Place of production, publication, distribution, manufacture Bilbao :
Name of producer, publisher, distributor, manufacturer Ediciones Deusto
Date of production, publication, distribution, manufacture, or copyright notice 1966
300 ## - PHYSICAL DESCRIPTION
Extent 694 p.
Dimensions 22 cm.
505 ## - FORMATTED CONTENTS NOTE
Formatted contents note 1. Introducción: Concepto moderno de la dirección de empresas – 2. Extractos sobre la dirección en la sociedad moderna – 3. Los principios tradicionales de la organización. Una síntesis moderna de los mismos – 4. Extractos y casos sobre organización de empresas – 5. Organización: investigación y teoría – 6. Estudios de investigación sobre organización – 7. Motivación, incentivos y moral – 8. Extractos y casos sobre motivación – 9. Cómo se formula la línea de actuación, se establece el << Planning >> y se toman las decisiones – 10. Extractos y casos sobre la línea de actuación y toma de decisiones – 11. El control – 12. Extractos y casos sobre control – 13. Mejora del trabajo y medida del mismo – 14. Extractos y caos sobre mejora del trabajo y la medición del mismo – 15. Análisis económico en las decisiones empresariales – 16. Extractos y casos en cuanto a la aplicación de los principios económicos en la técnica de la gestión – 17. Decisiones respecto a la inversión – 18. Extractos y caos en cuanto a decisiones sobre la inversión – 19. Utilización de la contabilidad en el << Planning >>y control de la empresa – 20. Extractos y casos sobre la contabilidad de dirección – 21. Análisis esquemático en la toma de las decisiones – 22. Extractos y casos de análisis sistemático en la toma de decisiones – 23. Los métodos matemáticos aplicados a los negocios – 24. Extractos y casos sobre métodos matemáticos – 25. Probabilidad y estadística en las decisiones empresariales – 26. Extractos y casos en cuanto al uso de las estadísticas en la gestión empresarial – 27. La dirección respecto al presente y al futuro –
590 ## - LOCAL NOTE (RLIN)
Local note niveau_biblio:m niveau_hierar:0
700 1# - ADDED ENTRY--PERSONAL NAME
Personal name Massie, Joseph L.
700 1# - ADDED ENTRY--PERSONAL NAME
Personal name Gil Lasierra, Agustín
942 ## - ADDED ENTRY ELEMENTS (KOHA)
Koha item type
Existencias
Withdrawn status Lost status Damaged status Not for loan Home library Current library Shelving location Date acquired Total checkouts Full call number Barcode Date last seen Price effective from Koha item type
        Biblioteca Prof. Eusebio Cleto del Rey Biblioteca Prof. Eusebio Cleto del Rey   21/05/2026   658.012.4 H423 L22855 21/05/2026 21/05/2026 Libro
        Biblioteca Prof. Eusebio Cleto del Rey Biblioteca Prof. Eusebio Cleto del Rey   21/05/2026   658.012.4 H423 L22856 21/05/2026 21/05/2026 Libro
        Biblioteca Prof. Eusebio Cleto del Rey Biblioteca Prof. Eusebio Cleto del Rey   21/05/2026   658.012.4 H423 L33668 21/05/2026 21/05/2026 Libro
        Biblioteca Prof. Eusebio Cleto del Rey Biblioteca Prof. Eusebio Cleto del Rey   21/05/2026   658.012.4 H423 L33669 21/05/2026 21/05/2026 Libro
        Biblioteca Prof. Eusebio Cleto del Rey Biblioteca Prof. Eusebio Cleto del Rey   21/05/2026   658.012.4 H423 L33670 21/05/2026 21/05/2026 Libro